Municipios de El Bierzo - Estadísticas

Estadísticas generales
  • Esta prueba ha sido intentada 126 veces
  • La puntuación promedio es 19 de 38
Estadísticas de respuestas
Respuesta % Correcto
Ponferrada
96%
Bembibre
80%
Villafranca del Bierzo
80%
Cacabelos
77%
Camponaraya
66%
Carracedelo
66%
Fabero
66%
Molinaseca
64%
Puente de Domingo Flórez
64%
Toral de los Vados
64%
Carucedo
61%
Cubillos del Sil
61%
Toreno
61%
Torre del Bierzo
61%
Vega de Espinareda
54%
Vega de Valcarce
52%
Balboa
50%
Páramo del Sil
48%
Folgoso de la Ribera
46%
Palacios del Sil
46%
Cabañas Raras
45%
Priaranza del Bierzo
43%
Castropodame
39%
Congosto
39%
Igüeña
39%
Noceda del Bierzo
38%
Arganza
36%
Corullón
36%
Trabadelo
34%
Valle de Ancares (Candín)
34%
Barjas
32%
Sobrado
32%
Borrenes
30%
Peranzanes
29%
Oencia
27%
Benuza
25%
Berlanga del Bierzo
23%
Sancedo
20%
No se encontraron pruebas coincidentes
Distribución de puntuación
Porcentaje de gente con cada puntuación
Porcentaje por número respondido
Historial de tus puntuaciones
No has intentado esta prueba.